| 000 | 00748nam a22003017a 4500 | ||
|---|---|---|---|
| 003 | OSt | ||
| 005 | 20140331152402.0 | ||
| 008 | 140331b xxu||||| |||| 00| 0 eng d | ||
| 020 | _a9780590999496 | ||
| 050 |
_aLB 1049.9 _b.H447s72 1997 |
||
| 100 | _aHechinger, Nancy. | ||
| 245 |
_aThe kind child : _ba story about love / _cNancy Hechinger. |
||
| 260 |
_aUSA : _bScholastic Inc., _cc1997. |
||
| 300 |
_a15 p. : _bcol. ill. ; _c14 cm. |
||
| 521 | _aG1 | ||
| 526 | _c200 | ||
| 650 | _aReaders (Primary) | ||
| 650 |
_aReading _xPhonetic method. |
||
| 942 |
_2lcc _cBK |
||
| 999 |
_c48809 _d48809 |
||